000 01407nam0a2200313 4500
001 RU\NLR\bibl\1677432
005 20260408220421.0
010 _a978-5-93834-545-4
_930
021 _aRU
_b2010-62363
_94088
035 _a(NLR Aleph) 001668662
090 _a1027358
_c1027358
100 _a20100923d2009 |||y0rusy50 ca
101 0 _arus
102 _aRU
105 _aa |||||||||
200 1 _aИмитационное моделирование как технология подготовки специалистов технического профиля в вузе
_eмонография
_fИ.Н. Быстрова
_gФедер. агентство по образованию, Гос. образоват. учреждение высш. проф. образования "Южно-рос. гос. ун-т экономики и сервиса" (ГОУ ВПО "ЮРГУЭС")
210 _aШахты
_cЮРГУЭС
_d2009
215 _a137 с.
_d21
320 _aБиблиогр.: с. 102-112 (200 назв.)
606 _aВысшее техническое образование
_xИнновации
_3RU\NLR\AUTH\6601752913
_92664886
686 _aЧ488.712
700 1 _aБыстрова
_bИ. Н.
_gИнна Николаевна
_4070
801 0 _aRU
_bNLR
_c20100923
_gRCR
801 1 _aRU
_bNLR
_c20100923
942 _cBOOK
980 _aNB
980 _aNBR